• 首页
  • 本馆介绍
  • 公告通知
  • 最新文献
  • 馆藏检索
  • 电子资源
  • 读者导购
  • 参考咨询
  • 我的图书馆
  • 登录
  • 详细信息显示
  • 放入我的书架
  • 预约/预借图书
  • 作者相关作品
  • 分类相关作品
  • 丛书相关作品
  • 出版社相关作品

书目信息

  • 表格格式
  • 工作单格式
  • 卡片格式
题名:
中国当代建筑业杰出人物风采集
    
 
作者: 刘哲生 主编
分册:  
出版信息: 北京   文化艺术出版社  2005.11
页数: 164页
开本: 26cm
丛书名:
单 册:
中图分类: K828.1
科图分类:
主题词: 人物--传记--中国
电子资源:
ISBN: 7-5039-2870-0
000 00643nam0 2200205 450
001 0738643288
005 20080108145034.53
010    @a7-5039-2870-0@b精装@dCNY168.00
100    @a20071117d2005 km y0chiy0120 ea
101 0  @achi
102    @aCN@b110000
200 1  @a中国当代建筑业杰出人物风采集@Azhong guo dang dai jian zhu ye jie chu ren wu feng cai ji@f刘哲生主编@Fliu zhe sheng zhu bian
210    @a北京@c文化艺术出版社@d2005.11
215    @a164页@d26cm
606 0  @a人物@x传记@x中国
690    @aK828.1@v4
701  0 @a刘哲生@Aliu zhe sheng@4主编
801  0 @aCN@bNISOFT@c20080108
905    @aBZT@dK828.1@e1
906    @dCNY168.00@n0@r1
    
    中国当代建筑业杰出人物风采集/刘哲生主编.-北京:文化艺术出版社,2005.11
    164页;26cm
    
    
    ISBN 7-5039-2870-0(精装):CNY168.00
    
●
相关链接 在五车中查询图书 在当当中查询图书 在豆瓣中查询图书


正题名:中国当代建筑业杰出人物风采集     索取号:K828.1/1         预约/预借

序号 登录号 条形码 馆藏地/架位号 状态 备注
1 615680   2000615680   中心书库南/017架A面2层7列/ [索取号:K828.1/1] 在馆    
2 615681   2000615681   中心书库南/017架A面2层7列/ [索取号:K828.1/1] 在馆    
3 615682   2000615682   中心书库南/017架A面2层7列/ [索取号:K828.1/1] 在馆    
4 615683   2000615683   中心书库南/017架A面2层7列/ [索取号:K828.1/1] 在馆    
5 615684   2000615684   中心书库南/017架A面2层7列/ [索取号:K828.1/1] 在馆    
6 615685   2000615685   中心书库南/017架A面2层7列/ [索取号:K828.1/1] 在馆    
7 615686   2000615686   中心书库南/017架A面2层7列/ [索取号:K828.1/1] 在馆    
8 615687   2000615687   中心书库南/017架A面2层7列/ [索取号:K828.1/1] 在馆    
9 615688   2000615688   中心书库南/017架A面2层7列/ [索取号:K828.1/1] 在馆    
10 615689   2000615689   中心书库南/017架A面2层7列/ [索取号:K828.1/1] 在馆    
山东省滨州职业学院图书馆 欢迎您!
大连网信软件有限公司© 版权所有